| 000 | 01081cad a22002175a 4500 | ||
|---|---|---|---|
| 001 | L150928 | ||
| 008 | 100916e20100211xxkd f s f000 0 eng d | ||
| 035 | _a(Sirsi) u150928 | ||
| 041 | 0 | _aeng | |
| 110 | 1 |
_aUnited Kingdom _bOffice of National Statistics _92035 |
|
| 245 | 0 | 0 |
_aNew orders in the construction industry _bfirst quarter 2010 _h[electronic resource] |
| 260 | _c2010 | ||
| 490 |
_aONS Statistical Bulletin _v16 July 2010 |
||
| 520 | _aOrders for new construction; public housing, private housing, infrastructure, public excluding infrastructure, private industrial, private commercial, all new work; volume of orders for new construction in Great Britain prices seasonally adjusted; current prices. | ||
| 590 | _aKA | ||
| 650 | 2 | 4 | _aONS NEW CONSTRUCTION ORDERS |
| 651 | 4 |
_aGreat Britain _y1707- |
|
| 690 | _aBUILT ENVIRONMENT-CONSTRUCTION MARKET | ||
| 856 | 4 | 0 |
_uhttps://www.ons.gov.uk/ons/rel/construction/new-orders-in-the-construction-industry/q1--2010/new-orders-in-the-construction-industry.pdf _zView the website free of charge at www.ons.gov.uk |
| 942 | _n0 | ||
| 999 |
_c111032 _d111032 |
||